| 000 | 00635nam a2200181Ia 4500 | ||
|---|---|---|---|
| 003 | GCL | ||
| 008 | 140319s9999 xx 000 0 ara d | ||
| 040 |
_aGCL / _cGCL |
||
| 082 | 0 | 4 |
_aق _b327.2056 _bح ع |
| 100 | 1 | _aحسن ابوطالب | |
| 245 | 1 | 0 |
_aعروبة مصر بين التاريخ والسياسة / _cحسن ابوطالب |
| 300 | _a155 ص | ||
| 490 |
_aكتاب المحروسة _v0 |
||
| 650 | 0 | 4 | _aالنزاع العربى الاسرائيلى |
| 650 | 0 | 4 | _aمصر - تاريخ - العصر الحديث (1805 - 1956 ) |
| 650 | 0 | 4 | _aالعالم العربى - العلاقات الخارجية |
| 942 |
_2ddc _cBK |
||
| 999 |
_c48355 _d48355 |
||